| 000 | 00813nam a2200205 a 4500 | ||
|---|---|---|---|
| 003 | 0 | ||
| 005 | 20250625145610.0 | ||
| 008 | 021118s19uu xx 00 eng d | ||
| 050 |
_aPHS HQ 799.9.I58 _b.T36 1998 |
||
| 100 | _aTanchoco, Antonio Ma. C. | ||
| 245 |
_aInternet usage habits of foutth year high school students of Southville International / _cAntonio Ma. C. Tanchoco. |
||
| 260 |
_aLas PiƱas City, Philippines : _bSouthville International School and Colleges, _c1998 |
||
| 300 |
_a32 pages : _billustrations ; _c29 cm. |
||
| 504 | _aIncludes bibliographical references. | ||
| 650 |
_aInternet _xSocial aspects _zPhilippines. |
||
| 650 |
_aInternet and teenagers _zPhilippines. |
||
| 650 |
_aOnline behavior _zPhilippines. |
||
| 650 |
_aHigh school students _zPhilippines _xAttitudes. |
||
| 942 |
_2lcc _cPASS |
||
| 999 |
_c96211 _d96211 |
||